Rasčety plastičeskogo deformirovanija metallov
Gespeichert in:
| Format: | Buch |
|---|---|
| Sprache: | Russisch |
| Veröffentlicht: |
Moskva :
Nauka,
1975
|
| Schlagworte: | |
| Tags: |
Keine Tags, Fügen Sie das erste Tag hinzu!
|
MARC
| LEADER | 00000nam a22000003a 4500 | ||
|---|---|---|---|
| 001 | stu41271 | ||
| 005 | 20141122045524.5 | ||
| 008 | 931118s1975----xxr-----------------rus-d | ||
| 040 | |a STU |b slo | ||
| 041 | 0 | |a rus | |
| 044 | |a xxr | ||
| 080 | |a 539.374 | ||
| 245 | |a Rasčety plastičeskogo deformirovanija metallov | ||
| 260 | |a Moskva : |b Nauka, |c 1975 | ||
| 300 | |a 134 s | ||
| 650 | 7 | |a Deformácie plastické |2 stusub | |
| 996 | |b 284M061910 |c M*3321-1 |l MMKN |s A |a 24 |w stu41271_0001 | ||